01553nam a2200265 a 4500001001000000005001700010008004100027041000800068044000700076084002600083100004500109245018900154260003900343300003600382500028500418500011600703500018000819500004100999500001001040650005201050650005601102650003401158650004501192740005001237BRCA_238120190320203801.0071108s1897----sp-#---###---#000-0#spa-u aspa asp a022b.M67c1897 F16151 aCervantes Saavedra, Miguel ded1547-161610aSegunda parte del Ingenioso Cavallero Don Quixote de la Manchabdirigida a don Pedro Fernández de Castro, Conde de Lemoscpor Miguel de Cervantes Saavedra, autor de su primera parte. aBarcelonabMonater y Simónc1897 a1 v. (sin paginación)c23 cm. aContenido : Escudo con el mote Post tenebras spero lucem. Tasa. Fe de erratas. Aprobación del Dr. Gutierre de Cetina. Aprobación de M. Joseph de Valdivieso. Aprobación del Lic. Márquez Torres. Privilegio. Prólogo del autor. Dedicatoria del autor al Conde de Lemos. Texto aFacsímil de : Segunda parte del ingenioso cavallero Don Quixote de la Mancha. Madrid: Juan de la Cuesta, 1615 aSegundo facsímile de la segunda parte de la edición príncipe, publicado por Montaner y Simón, en Barcelona, el año de 1897. Ejemplar igual al LO-021 Lúdovic Osterk aCon ex-libirs de : Magín Verdaguer aQM22214aNovela españolayÉpoca clásica, 1500-170014aLiteratura españolayÉpoca clásica, 1500-170014aNovela españolaySiglo XVII14aDon Quijote (Personaje ficticio)eNovela0 aEl Ingenioso Hidalgo Don Quijote de la Mancha